Can PHC system in India deliver emergency obstetric care?: a management perspective on child survival and safe-motherhood programme (Record no. 43010)

000 -LEADER
fixed length control field 00467pab a2200157 454500
008 - FIXED-LENGTH DATA ELEMENTS--GENERAL INFORMATION
fixed length control field 180718b1996 xxu||||| |||| 00| 0 eng d
100 ## - MAIN ENTRY--PERSONAL NAME
Personal name Mavalankar, D.V.
245 ## - TITLE STATEMENT
Title Can PHC system in India deliver emergency obstetric care?: a management perspective on child survival and safe-motherhood programme
260 ## - PUBLICATION, DISTRIBUTION, ETC.
Date of publication, distribution, etc. 1996
300 ## - PHYSICAL DESCRIPTION
Extent p.14-29
362 ## - DATES OF PUBLICATION AND/OR SEQUENTIAL DESIGNATION
Dates of publication and/or sequential designation Sep-Dec
650 ## - SUBJECT ADDED ENTRY--TOPICAL TERM
Topical term or geographic name entry element Child welfare
700 ## - ADDED ENTRY--PERSONAL NAME
Personal name Reddy, P.H.
773 ## - HOST ITEM ENTRY
Main entry heading Social Change
909 ## -
-- 43010
Holdings
Withdrawn status Lost status Damaged status Not for loan Permanent Location Current Location Date acquired Serial Enumeration / chronology Barcode Date last seen Price effective from Koha item type
        Indian Institute of Public Administration Indian Institute of Public Administration 2018-07-19 Volume no: 26, Issue no: 3-4 AR43395 2018-07-19 2018-07-19 Articles

Powered by Koha